| 000 | 00513cam a22002171 4500 | ||
|---|---|---|---|
| 001 | sa 68000064 | ||
| 003 | DLC | ||
| 005 | 20260227112420.0 | ||
| 008 | 890615s1967 ii 000 1 gujo | ||
| 010 | _asa 68000064 | ||
| 035 | _a(OCoLC)19878440 | ||
| 040 |
_aDLC _cWaU _dDLC |
||
| 042 | _apremarc | ||
| 050 | 0 | 0 |
_aPK1859.M45 _bA7 |
| 100 | 1 | _aMehta, Rasik. | |
| 245 | 1 | 0 | _aĀkāśa cūme jyāṃ dharatīne. |
| 260 | _c[1967] | ||
| 300 |
_a424 p. _c19 cm. |
||
| 500 | _aIn Gujarati. | ||
| 500 | _aA novel. | ||
| 999 |
_c76912 _d76912 |
||